| 000 | 01531nam a2200241Ia 4500 | ||
|---|---|---|---|
| 999 |
_c56139 _d56139 |
||
| 001 | 23240 | ||
| 003 | GE_BSU | ||
| 005 | 20251112204304.0 | ||
| 008 | 181216s2001||||ge |||||||||||||| ||geo|| | ||
| 040 | _cGE_BSU | ||
| 041 | _ageo | ||
| 080 | _a271.22(479.22)(09) ვ-21 | ||
| 100 |
_aვარდოსანიძე, სერგო _926207 |
||
| 245 |
_aსაქართველოს მართლმადიდებელი ეკლესია 1927-1952 წლებში / _cსერგო ვარდოსანიძე ; რედაქტორი ანანია ჯაფარიძე ; სულხან-საბა ორბელიანის სახელობის სახელმწიფო პედაგოგიური უნივერსიტეტი. |
||
| 264 |
_aთბილისი : _bქრონოგრაფი, _c2001. |
||
| 300 |
_a214გვ. ; _c20 სმ. |
||
| 500 | _aთავფურცელზე ავტორის მინაწერი | ||
| 541 | _h7 ლ. | ||
| 653 | _aსაქართველოს მართლმადიდებელი ეკლესია 1927-1952 წლებში | ||
| 700 |
_a ჯაფარიძე, ანანია _eრედაქტორი _926208 |
||
| 710 |
_aსულხან-საბა ორბელიანის სახელობის სახელმწიფო პედაგოგიური უნივერსიტეტი _926209 |
||
| 942 |
_cBK _2udc |
||